书目信息 |
| 题名: |
中国诱发地震
|
|
| 作者: | ;国家地震局研究所 编 | |
| 分册: | ||
| 出版信息: | 北京 地震出版社 1984 |
|
| 页数: | 202页 | |
| 开本: | 25cm | |
| 丛书名: | ||
| 单 册: | ||
| 中图分类: | P316.2 | |
| 科图分类: | ||
| 主题词: | 诱发地震--中国 , 岩石--物理学 , 固体地球物理学 | |
| 电子资源: | ||
| ISBN: | ||
| 000 | 00716nam0 2200265 45 | |
| 001 | 0184002634 | |
| 005 | 20040521160356.2 | |
| 010 | @dCNY2.00 | |
| 091 | @a13100.219 | |
| 100 | @a19950610d1984 em y0chiy0121 ea | |
| 101 | 0 | @achi |
| 102 | @aCN@b110000 | |
| 105 | @ay z 000yy | |
| 106 | @ar | |
| 200 | 10 | @a中国诱发地震@Azhong guo you fa di zhen@f国家地震局研究所所编 |
| 210 | @a北京@c地震出版社@d1984 | |
| 215 | @a202页@d25cm | |
| 606 | @a诱发地震@y中国 | |
| 606 | 0 | @a岩石@x物理学 |
| 606 | 0 | @a固体地球物理学 |
| 690 | @aP316.2 | |
| 711 | 02 | @a国家地震局研究所@Aguo jia di zhen ju yan jiu suo@4编 |
| 801 | 0 | @aCN@b上海图书馆@c20040521 |
| 801 | 2 | @aCN@bNLC@c20040521 |
| 905 | @f1@b104164@dP316.2@e11 | |
| 中国诱发地震/国家地震局研究所所编.-北京:地震出版社,1984 |
| 202页;25cm |
| ISBN :CNY2.00 |
| ● |
| 相关链接 |
|
|
|
|
正题名:中国诱发地震
索取号:P316.2/11
 
预约/预借
| 序号 | 登录号 | 条形码 | 馆藏地/架位号 | 状态 | 备注 |
| 1 | 0104164 | 000626228 | 第三借阅区/ [索取号:P316.2/11] | 在馆 | |
| 2 | 0104165 | 202105783 | 第二样本阅览室/ [索取号:P316.2/11] | 在馆 |